Návrh programovateľnej elektronickej záťaže
Salvato in:
| Autore principale: | |
|---|---|
| Altri autori: | |
| Natura: | Manoscritto Libro |
| Lingua: | slovacco |
| Pubblicazione: |
Bratislava :
STU v Bratislave FEI,
2023
|
| Soggetti: | |
| Accesso online: | https://opac.crzp.sk/?fn=detailBiblioFormChildU4RM3&sid=925BFB95FAA30F229095CB019F0C&seo=CRZP-detail-kniha |
| Tags: |
Nessun Tag, puoi essere il primo ad aggiungerne!!
|
MARC
| LEADER | 00000ntm a22000003a 4500 | ||
|---|---|---|---|
| 001 | stuzp91905 | ||
| 003 | SK-STU | ||
| 005 | 20241114130942.9 | ||
| 007 | ta | ||
| 008 | 150427s2015----xo-----f-mn---000-0-slo-d | ||
| 040 | |a STU |b slo | ||
| 041 | 0 | |a slo | |
| 044 | |a xo | ||
| 100 | 1 | |a Bagín, Richard |u 033000 |4 aut |U FEI Fakulta elektrotechniky a informatiky |T FEI Ústav elektroniky a fotoniky |X 111062 |U E030 |Y 549 |7 111062 | |
| 242 | 0 | 1 | |a Design of programmable electronic load |y eng |
| 245 | 1 | 0 | |a Návrh programovateľnej elektronickej záťaže |
| 260 | |a Bratislava : |b STU v Bratislave FEI, |c 2023 | ||
| 300 | |a 90 s. | ||
| 650 | 4 | |a elektronická záťaž |2 slo | |
| 650 | 4 | |a nízko-príkonové aplikácie |2 slo | |
| 650 | 4 | |a SCPI |2 slo | |
| 650 | 4 | |a Arduino |2 slo | |
| 650 | 4 | |a meracie zariadenie |2 slo | |
| 650 | 4 | |a programovateľná záťaž |2 slo | |
| 650 | 4 | |a Arduino |2 eng | |
| 650 | 4 | |a low-power |2 eng | |
| 650 | 4 | |a electronic load |2 eng | |
| 650 | 4 | |a programmable load |2 eng | |
| 650 | 4 | |a SCPI |2 eng | |
| 650 | 4 | |a measurement equipment |2 eng | |
| 700 | 1 | |a Nagy, Lukáš |u 033000 |k Z1 |4 ths |U FEI Fakulta elektrotechniky a informatiky |T FEI Ústav elektroniky a fotoniky |X 12020 |U E030 |Y 549 |7 A000012020 | |
| 856 | 4 | |u https://opac.crzp.sk/?fn=detailBiblioFormChildU4RM3&sid=925BFB95FAA30F229095CB019F0C&seo=CRZP-detail-kniha | |